000 00695nam a2200229 a 4500
001 13736
003 BD-JhCC
005 20240320100448.0
008 240319b2023 bg |||| ||a| 001 0 eng d
020 _a9789849717355
035 _a(BD-JhCC)13736
040 _aBD-JhCC
_dBD-JhCC
041 _aEnglish
082 _a920.054
_bAHS 2023
100 _aAhsan,Syed Badrul
245 _a Starlight :
_bNarratives of Bengali Pride /
_cSyed Badrul Ahsan.
260 _aDhaka:
_bKathaprokash;
_c 2023.
300 _a176 p. :
_c24 cm.
_bill;
650 _a Bangladesh
_vBengali (Peuple d'Asie méridionale)
_xBangladesh Biographies
_zCelebrities Bangladesh Biography
942 _2ddc
_cBK
999 _c13736
_d13736